000
00347nam a22001577a 4500
003
MPLRDC
005
20220104123342.0
008
210129b ||||| |||| 00| 0 eng d
082
_a
961 GS
100
_a
甘士编
245
_a
花边图案汇编
_c
260
_a
_b
香港万里书店
_c
300
_b
平
650
_a
942
_c
BK
_o
961 GS
999
_c
10712
_d
10702